El salvaje (Record no. 1663)

MARC details
000 -LEADER
campo de control de longitud fija 00897nam a2200277Ia 4500
003 - IDENTIFICADOR DE NÚMERO DE CONTROL
campo de control CO-BoRNBP
005 - FECHA Y HORA DE LA ÚLTIMA TRANSACCIÓN
campo de control 20230928220204.0
008 - DATOS DE LONGITUD FIJA--INFORMACIÓN GENERAL
campo de control de longitud fija 141031s9999 ck 000 0 spa d
020 ## - NÚMERO INTERNACIONAL ESTÁNDAR DEL LIBRO
Número Internacional Estándar del Libro 9788467535297
040 ## - FUENTE DE CATALOGACIÓN
Centro catalogador/agencia de origen CO-BoRNBP
Lengua de catalogación spa
Normas de descripción rda
Centro/agencia transcriptor CO-BoRNBP
082 04 - NÚMERO DE LA CLASIFICACIÓN DECIMAL DEWEY
Número de edición 22
Número de clasificación 863 G216s
100 1# - ENTRADA PRINCIPAL--NOMBRE DE PERSONA
Nombre de persona García Llorca, Antoni
9 (RLIN) 10706
245 13 - MENCIÓN DEL TÍTULO
Título El salvaje
Mención de responsabilidad, etc. Antoni García Llorca
250 ## - MENCION DE EDICION
Mención de edición 1a edición
264 ## - PRODUCCIÓN, PUBLICACIÓN, DISTRIBUCIÓN, FABRICACIÓN Y COPYRIGHT
Producción, publicación, distribución, fabricación y copyright Madrid
Nombre del de productor, editor, distribuidor, fabricante Ediciones SM
Fecha de producción, publicación, distribución, fabricación o copyright 2009
300 ## - DESCRIPCIÓN FÍSICA
Extensión 183 páginas
Otras características físicas ilustraciones en color
Dimensiones 24 cm.
336 ## - TIPO DE CONTENIDO
Término de tipo de contenido texto
Código de tipo de contenido txt
Fuente rdacontent
337 ## - TIPO DE MEDIO
Nombre/término del tipo de medio sin mediación
Código del tipo de medio n
Fuente rdamedia
338 ## - TIPO DE SOPORTE
Nombre/término del tipo de soporte volumen
Código del tipo de soporte nc
Fuente rdacarrier
650 14 - PUNTO DE ACCESO ADICIONAL DE MATERIA--TÉRMINO DE MATERIA
Fuente del encabezamiento o término LEMB
Término de materia o nombre geográfico como elemento de entrada Novela española
Subdivisión cronológica Siglo XX
9 (RLIN) 10071
650 14 - PUNTO DE ACCESO ADICIONAL DE MATERIA--TÉRMINO DE MATERIA
Fuente del encabezamiento o término LEMB
Término de materia o nombre geográfico como elemento de entrada Literatura infantil española
Subdivisión cronológica Siglo XX
9 (RLIN) 912
650 14 - PUNTO DE ACCESO ADICIONAL DE MATERIA--TÉRMINO DE MATERIA
Fuente del encabezamiento o término LEMB
Término de materia o nombre geográfico como elemento de entrada Orfanatos
Subdivisión de forma Novela
9 (RLIN) 10707
650 14 - PUNTO DE ACCESO ADICIONAL DE MATERIA--TÉRMINO DE MATERIA
Fuente del encabezamiento o término LEMB
Término de materia o nombre geográfico como elemento de entrada Vida cotidiana
Subdivisión de forma Novela
9 (RLIN) 10708
650 14 - PUNTO DE ACCESO ADICIONAL DE MATERIA--TÉRMINO DE MATERIA
Fuente del encabezamiento o término LEMB
Término de materia o nombre geográfico como elemento de entrada Psicología
Subdivisión de forma Novela
9 (RLIN) 10709
942 ## - ELEMENTOS DE ENTRADA SECUNDARIOS (KOHA)
Fuente del sistema de clasificación o colocación Clasificación Decimal Dewey
Tipo de ítem Koha Libros
Holdings
Estatus retirado Estado de pérdida Fuente del sistema de clasificación o colocación Estado de daño No para préstamo Biblioteca de origen Biblioteca actual Fecha de adquisición Total de préstamos Signatura topográfica completa Código de barras Visto por última vez Copia número Precio de reemplazo Tipo de ítem Koha
    Clasificación Decimal Dewey     BIBLIOTECA PÚBLICA MUNICIPAL RAMON CORREA MEJIA BIBLIOTECA PÚBLICA MUNICIPAL RAMON CORREA MEJIA 28/09/2023   863 G216s 34313 28/09/2023 Ej.1 28/09/2023 Libros
    Clasificación Decimal Dewey     BIBLIOTECA PÚBLICA MUNICIPAL RAMON CORREA MEJIA BIBLIOTECA PÚBLICA MUNICIPAL RAMON CORREA MEJIA 28/09/2023   863 G216s 41790 28/09/2023 Ej.2 28/09/2023 Libros

Powered by Koha